| 000 | 00703nam a2200217 i 4500 | ||
|---|---|---|---|
| 001 | 151107 | ||
| 003 | ES-MaACL | ||
| 005 | 20231103062534.0 | ||
| 007 | t| | ||
| 008 | 071210s19091913fr ||||1| fre d | ||
| 080 | _a94(44)"1789/99" | ||
| 100 | 1 |
_aAulard, Alphonse. _923905 |
|
| 245 | 1 | 0 |
_aEtudes et leçons sur la Revolution Française _b: Série I-VII / _cpar Alphonse Aulard. |
| 260 |
_aParis : _bF. Alcan, _c1909-1913. |
||
| 300 |
_a7 v. ; _c19 cm. |
||
| 490 | 1 | _aBibliothèque d'histoire contemporaine | |
| 651 | 4 |
_aFrancia- _xHistoria- _y1789-1799, Revolución _98685 |
|
| 830 | 0 |
_aBibliothèque d'histoire contemporaine _9180875 |
|
| 852 |
_aES-MaACL _jG-7243-9 |
||
| 999 |
_c151107 _d151107 |
||